| 000 | 00926nam a2200277 a 4500 | ||
|---|---|---|---|
| 001 | 25028 | ||
| 003 | CO-ViMGA | ||
| 008 | 141112s2004 ck r 000 u spa d | ||
| 020 | _a9789585750371 | ||
| 040 |
_aCO-ViMGA _bspa _cCO-ViMGA |
||
| 041 | _aSPA | ||
| 090 | _aC ROD1 | ||
| 100 | 1 |
_aRodari, Gianni, 1920 - 1980 _91495 |
|
| 245 | 1 | 0 |
_aConfundiendo historias / _cGianni Rodari ; ilustrado por Alessandro Sanna ; traducido por Antonio Rubio |
| 260 |
_aBogotá : _bCorimbo; Monserrate, _c2012 |
||
| 300 | _a34 p. : il. col. : il. | ||
| 650 | 1 | 4 |
_aAUTORES ITALIANOS _938084 |
| 650 | 1 | 4 |
_aCAPERUCITA ROJA - CUENTO _938085 |
| 650 | 1 | 4 |
_aCUENTOS POPULARES - RECREACION _938086 |
| 650 | 1 | 4 |
_aDESDE LOS 3 AÑOS _938087 |
| 650 | 1 | 4 |
_aNARRADORES DE CUENTOS - CUENTO _938088 |
| 650 | 1 | 4 |
_aRELACION ABUELO - NIETOS - CUENTO _92352 |
| 700 | 1 |
_aRubio, Antonio _91644 |
|
| 700 | 1 |
_aSanna, Alessandro _938089 |
|
| 942 |
_2ddc _cBK |
||
| 999 |
_c2593 _d2593 |
||